[Event "OP-2014-0-03343"]
[Site "LSS email"]
[Date "2014.04.10"]
[Round "?"]
[White "Jorge Alejo, Fernandix"]
[Black "Schalkwijk, Peter"]
[Result "0-1"]
[WhiteElo "800"]
[BlackElo "1598"]
[PlyCount "24"]
[EventDate "2014.03.15"]
[EventType "tourn (corr)"]
[EventRounds "4"]
[EventCountry "GER"]
[SourceTitle "Corr 2022"]
[Source "ChessBase"]
[SourceDate "2021.10.24"]
[SourceVersion "1"]
[SourceVersionDate "2021.10.24"]
[SourceQuality "1"]

1. e4 c5 2. Nf3 Nf6 3. Nc3 Nc6 4. d4 d5 5. exd5 Nxd5 6. Nxd5 Qxd5 7. Be3 cxd4 8. Nxd4 Nxd4 9. Qxd4 Qxd4 10. Bxd4 Bd7 11. 0-0-0 a6 12. Bd3 Bc6 0-1

[Event "OP-2014-0-03343"]
[Site "LSS email"]
[Date "2014.03.18"]
[Round "?"]
[White "Kramskoi, Vasyl"]
[Black "Jorge Alejo, Fernandix"]
[Result "1/2-1/2"]
[WhiteElo "1195"]
[BlackElo "800"]
[PlyCount "28"]
[EventDate "2014.03.15"]
[EventType "tourn (corr)"]
[EventRounds "4"]
[EventCountry "GER"]
[SourceTitle "Corr 2022"]
[Source "ChessBase"]
[SourceDate "2021.10.24"]
[SourceVersion "1"]
[SourceVersionDate "2021.10.24"]
[SourceQuality "1"]

1. d4 Nf6 2. c4 g6 3. Nf3 Bg7 4. g3 0-0 5. Bg2 d6 6. 0-0 Nbd7 7. Bf4 Nh5 8. Be3 e5 9. Bg5 Nhf6 10. dxe5 dxe5 11. Nc3 h6 12. Be3 c6 13. Qc1 Kh7 14. h3 Qe7 1/2-1/2

[Event "OP-2014-0-03343"]
[Site "LSS email"]
[Date "2014.03.18"]
[Round "?"]
[White "Lenz, Juergen"]
[Black "Jorge Alejo, Fernandix"]
[Result "1-0"]
[WhiteElo "905"]
[BlackElo "800"]
[PlyCount "97"]
[EventDate "2014.03.15"]
[EventType "tourn (corr)"]
[EventRounds "4"]
[EventCountry "GER"]
[SourceTitle "Telechess CBM 167"]
[Source "ChessBase"]
[SourceDate "2015.07.13"]
[SourceVersion "1"]
[SourceVersionDate "2015.07.13"]
[SourceQuality "1"]

1. d4 Nf6 2. Nf3 g6 3. Bf4 Bg7 4. e3 0-0 5. Be2 d6 6. h3 Nbd7 7. 0-0 c5 8. c3 b6 9. a4 a6 10. Na3 Bb7 11. Qb3 Qc7 12. Bh2 Rac8 13. Rac1 Bd5 14. Qc2 cxd4 15. exd4 Qb7 16. Ne1 Rfe8 17. Bf3 e5 18. Bxd5 Qxd5 19. dxe5 dxe5 20. Rd1 Qc6 21. Nd3 e4 22. Nf4 Nc5 23. a5 bxa5 24. Ne2 e3 25. f3 Rcd8 26. Nd4 Qb7 27. Rfe1 Nd5 28. Nc4 a4 29. Nd6 Qd7 30. Nxe8 Rxe8 31. Ne2 Qe6 32. Ra1 Nb6 33. Nd4 Qd7 34. Kh1 Nd5 35. Bg1 Qd6 36. Rad1 f5 37. Nxf5 gxf5 38. Qxf5 Re5 39. Qc8+ Kf7 40. Rxe3 Ne6 41. Rxe5 Bxe5 42. Qb7+ Kg6 43. Qxd5 Qxd5 44. Rxd5 Bc7 45. Be3 Kf6 46. g4 Ke7 47. Kg2 Nf4+ 48. Bxf4 Bxf4 49. Ra5 1-0